| 000 | 02267nam a2200265Ia 4500 | ||
|---|---|---|---|
| 003 | OSt | ||
| 005 | 20210727133341.0 | ||
| 008 | 210310s2014 pe gr 000 0 spa d | ||
| 020 | _a9786124097904 | ||
| 040 |
_aCO-JMCR _cCO-JMCR |
||
| 041 | 0 | _aspa | |
| 082 | 0 | 4 |
_a332.1 / _bG643d _223 |
| 100 | 1 |
_aGonzález-Tello, Alexis, _eautor _927086 |
|
| 245 | 1 | 4 |
_aLos dioses del capital. : _b¿Podremos evitar otra crisis financiera mundial? / |
| 260 |
_aPerú : _bUniversidad Alas Peruanas, _c2014. |
||
| 300 |
_a397 páginas : _bilustraciones y gráficas a color ; _c23 cm. |
||
| 500 | _aDatos biograficos del autor en solapa frontal. | ||
| 504 | _aBibliografía: páginas 377-398. | ||
| 505 | 0 | _aContexto político de la reforma financiera. -- El riesgo sistemático bancario y financiero. -- Propuesta ante la crisis: Basilea III. -- La reforma financiera posible. -- Ética y regulación. -- Balance de situación: cinco años después. | |
| 520 | _aLOS DIOSES DEL CAPITAL, ¿Podremos evitar otra crisis mundial?, de Alexis González-Tello, es el fruto de un serio estudio realizado entre París y Lima entre los años 2010 al 2013 que reflexiona en torno al equilibrio del sistema financiero nacional y global. La Universidad de París, a través de su Facultad de Economía, le ha permitido recoger y contrastar los aportes académicos y políticos de notables profesionales de su especialidad. González- Tello, docente universitario y funcionario de la Superintendencia de Banca y Seguros del Perú, pone los reflectores en la necesidad de regulación internacional y de una reforma financiera que evite que otra crisis de similares dimensiones vuelva a constituir un drama mundial. Las lecciones de la crisis son plasmadas con amplitud de criterio, abundante documentación y rigor intelectual, como lo señala en su Prólogo Fernando Villarán. Importante aporte para el mundo académico, estudiantes y docentes, como para los gestores financieros y bancarios, también para los políticos que deciden y sobre todo para quienes ejercen el difícil rol de la vigilancia y la supervisión financiera y bancaria. | ||
| 650 | 1 | 4 |
_aReforma financiera _97416 |
| 650 | 2 | 4 |
_aRiesgo financiero _911357 |
| 650 | 2 | 4 |
_aRiesgo bancario _938780 |
| 942 |
_2ddc _cBK |
||
| 999 |
_c12027 _d12027 |
||